000 00579nam a2200193Ia 4500
003 IIN
005 20240129161053.0
008 231217s9999 xx 000 0 und d
020 _cRs.995.00
_a9780781762106
040 _aIIN
_bEnglish
082 _a610.3
_bSTE
100 1 _aStedman
245 1 _aStedman's Medical Dictionary:
_bfor the Health Professions and Nursing /
_cStedman
250 _a.- 5th ed
260 _bLippincott Williams & Wilkins
_aPhiladelphia
_c2005
300 _axxxii, 1597 p.
650 1 _aDictionary
_vHealth Professions and Nursing
942 _cREF
999 _c827
_d827